| 000 | 00743nam a2200229Ia 4500 | ||
|---|---|---|---|
| 003 | BUBTL | ||
| 008 | 151213s9999 xx 000 0 und d | ||
| 041 | _aইংরেজী ও বাংলা | ||
| 082 | _a347.052/ H211l/ 2007 | ||
| 100 |
_aহক, মো: শামছুুল _95473 |
||
| 245 |
_aতামাদি আইন, ১৯০৮/ _cমো: শামছুুল হক |
||
| 250 | _a১ম সং | ||
| 260 |
_aঢাকা _bরোমানা হক। _cc2007 |
||
| 300 |
_a[15], 271p. : _bill. ; 21 cm. |
||
| 526 | _aLaw | ||
| 650 | _aLaw | ||
| 650 | _a | ||
| 700 |
_aমো: শামছুুল হক _95474 |
||
| 856 |
_k0 _l0 _yDownload |
||
| 942 |
_2ddc _cBK |
||
| 999 |
_c3143 _d3143 |
||